Rudé město /

Kmotr se setkává s Mágy v této temné alchymistické urban fantasy.

Uloženo v:
Série:Noví alchymisté, část 1
Hlavní autor: Lu, Marie, 1984- (Autor)
Další autoři: Badalec, Petra, 1993- (Autor)
Médium: Kniha
Jazyk:Czech
Vydáno: V Praze : CooBoo, 2026
Vydání:1. vydání
Témata:
Celkem bylo vypůjčeno:0x
Příbuzné jednotky:Z cyklu:: Noví alchymisté
Tagy:
Žádné tagy
LEADER 02138nam a2200433 i 4500
001 106351
003 CZ PrNK
005 20260514102317.0
007 ta
008 260505s2026 xr a g 000 f cze
015 |a cnb003755546 
020 |a 9788026742043  |q (brožováno) :  |c Kč 499,00 
040 |a ABG001  |b cze  |e rda 
041 1 |a cze  |h eng 
072 7 |a 821.111(73)-3  |x Americká próza  |2 Konspekt  |9 25 
080 |a 821.111(73)-31  |2 MRF 
080 |a (0:82-312.9)  |2 MRF 
100 1 |a Lu, Marie,  |d 1984-  |7 xx0166658  |4 aut  |9 110046 
240 1 0 |a Red city.  |l Česky 
245 1 0 |a Rudé město /  |c Marie Lu ; přeložila Petra Badalec 
250 |a 1. vydání 
264 1 |a V Praze :  |b CooBoo,  |c 2026 
300 |a 436 stran :  |b ilustrace ;  |c 20 cm 
336 |a text  |b txt  |2 rdacontent 
337 |a bez média  |b n  |2 rdamedia 
338 |a svazek  |b nc  |2 rdacarrier 
500 |a Přeloženo z angličtiny 
520 2 |a Kmotr se setkává s Mágy v této temné alchymistické urban fantasy.  |b Alchymie je skryté umění proměny. V Angel City ji dva soupeřící zločinecké syndikáty prodávají ve formě drogy, která lidem dá vše, co si přejí: krásu, intelekt, charisma. Město tak balancuje na hraně mezi luxusem a zločinem, zdvořilými dohodami a krvavou válkou. Sam sní o úniku z chudoby a je ochotná riskovat cokoli, aby se dostala mezi členy Grand Central. Ari, vychovaný Lumines, je jejich největší zbraní. Kdysi se milovali, teď stojí na opačných stranách konfliktu - a ten může zničit město i je samotné. Nakladatelská anotace. 
655 7 |a americké romány  |7 fd131796  |2 czenas  |9 53403 
655 7 |a fantasy romány  |7 fd184199  |2 czenas  |9 54250 
655 9 |a American fiction  |2 eczenas 
655 9 |a fantasy novels  |2 eczenas 
700 1 |a Badalec, Petra,  |d 1993-  |7 ola20191033178  |4 trl  |9 112004 
710 2 |a CooBoo (nakladatelství)  |7 xx0255713  |4 pbl  |9 117181 
787 0 8 |i Z cyklu:  |t Noví alchymisté  |g 1 
910 |a UOG502 
942 |2 ddc  |c KN 
999 |d 106351 
993 |0 0  |1 421180107072  |2 ddc  |4 0  |7 0  |9 99734  |b 0  |c 107072  |d 2026-05-14  |e 0  |f DOSP  |h 499.00  |i Koupě  |l DOSP  |r 2026-05-14  |t 6  |w 2026-05-14  |y KN  |z BELETM  |n